000 01118nam2a2200301 4500
001 RU\NLR\bibl\1409043
005 20250615210738.0
010 _a966-348-034-3
_91000
_bт.2
035 _a(NLR Aleph) 001401034
090 _a1222541
_c1222541
100 _a20090908d2005 |||y0rusy50 ca
101 0 _arus
_aeng
102 _aRU
_aUA
105 _aa |||||||||
200 1 _aМедали СССР
210 _aВладивосток
_aДнепропетровск
_cПроизводственно-коммерческая фирма АРТ-пресс
_d2005
215 _a494 с.
_cцв. ил., портр.
309 _aНа корешке суперобл.: 5
320 _aБиблиогр.: с. 488 (25 назв.)
320 _aДр. работы авт.: с. 5
461 0 _1001RU\NLR\bibl\1684433
_12001#$aНаграды СССР, [1918-1991]$v[Т. 2]
606 1 _aМедали
_jСправочники
_yСССР
_91567181
_3RU\NLR\auth\66686279
801 0 _aRU
_bNLR
_c20090908
_gRCR
801 1 _aRU
_bNLR
_c20090908
942 _cBOOK
980 _aNB